| 000 | 003790000a22001570004500 | ||
|---|---|---|---|
| 003 | MACL | ||
| 005 | 20240926132049.0 | ||
| 008 | 240926b |||||||| |||| 00| 0 eng d | ||
| 040 | _cmacl | ||
| 100 |
_aAggarwal, R S _933309 |
||
| 245 | _aObjective General English | ||
| 260 |
_bS Chand & Company LTD _c2003 |
||
| 350 | _a240 | ||
| 650 | _aOld English | ||
| 942 |
_cBK _k420/AGG _2ddc |
||
| 999 |
_c32524 _d32524 |
||